| 000 | 01076nam a2200265Ia 4500 | ||
|---|---|---|---|
| 003 | OSt | ||
| 005 | 20221005104730.0 | ||
| 006 | a|||||r|||| 00| 0 | ||
| 007 | ta | ||
| 008 | 221004b |||||||| |||| 00| 0 hin d | ||
| 020 | _a9789380172781 (pbk) | ||
| 024 | _a27423 | ||
| 037 |
_bGift, 26/07/2016, _cTextual |
||
| 040 |
_aCRL _cCRL _bhin |
||
| 041 |
_2hin _ahin |
||
| 082 | _aW, 152Q5 | ||
| 100 | _aगुप्ता, आशा | ||
| 245 | 0 |
_aतुलनात्मक शासन और राजनीति _b समकालीन प्रवृत्तियॉं |
|
| 246 | _aTulanātmak shāsan aur rājanīti: samakālīn pravṛuttiyaॉan | ||
| 260 |
_aदिल्ली _bविश्वविद्यालय हिन्दी माध्यम कार्यान्वय निदेशालय भारत _c2015 |
||
| 300 |
_a738पृ0 _ccm. |
||
| 650 | _aराजनीतिक विज्ञान | ||
| 942 |
_hW, 152Q5 _cTEXL _2cc |
||
| 999 |
_c1013622 _d1013622 |
||